Guerras, conflictos y silencios: fragmentos genealógicos de la enfermería en Costa Rica /

Kaydedildi:
Detaylı Bibliyografya
Yazar: Irigibel Uriz, Xabier
Materyal Türü: Metin
Etiketler: Etiketle
Etiket eklenmemiş, İlk siz ekleyin!

MARC

LEADER 00000 a a2200000 04500
001 42721
003
040
100 |a Irigibel Uriz, Xabier  
245 |a Guerras, conflictos y silencios:   |b fragmentos genealógicos de la enfermería en Costa Rica /  |c Xabier Irigibel Uriz  
773 |g volumen4, número2 ( , 2009), 21 páginas  
999 |c 36779  |d 36779